000 00319nam a22001337a 4500
008 170411b xxu||||| |||| 00| 0 eng d
020 _a0803669488
041 _aeng
080 _a612.39
100 _a9
101 _aSHM
245 _aMODERN BLOOD BANKING AND TRANSFUSION PRACTICES
_cPITTIGLIO, D.H
942 _2udc
_cBK
999 _c10354
_d10354